Estatísticas para Washington D.C.

Clique aqui para jogar o quiz

Estatísticas Gerais

  • Esse quiz foi jogado 10 vezes
  • A pontuação média é 3 de 14

Estatísticas das Respostas

Resposta% Correto
Casa Branca
100%
Pentágono
90%
Lincoln Memorial
30%
Jefferson Memorial
20%
Vietnam Veterans Memorial
20%
National Mall
10%
Rio Potomac
10%
Capitol Building
0%
Cerejeira
0%
Galeria Nacional de Arte
0%
I Have a Dream
0%
Museu Nacional do ar e do espi
0%
Smithsonian Institution
0%
Washington Monument
0%

Distribuição das Pontuações

Percentil de Números Respondidos

Porcentagem de Pessoas com Cada Pontuação

Sua Pontuação Histórica

Você não jogou esse quiz